000 00377cam a2200145ua 4500
041 _aeng
_h
082 _a671.35
_bAvr/Fu
100 _aAvrutin, S .
245 _aFundamentals of Milling practice /
_cS Avrutin.
_hTextual Documents
260 _aMoscow :
_bForeign Language Publishing House ,
_c1963.
300 _a328 ; .
504 _a
942 _cBK
999 _c3240
_d3240